SUSTAINABLE DEVELOPMENT PROMOTING PROGRE (Record no. 3476)

MARC details
000 -LEADER
fixed length control field 00332nam a2200121Ia 4500
008 - FIXED-LENGTH DATA ELEMENTS--GENERAL INFORMATION
fixed length control field 240624s9999 xx 000 0 und d
041 ## - LANGUAGE CODE
Language code of text/sound track or separate title eng
082 ## - DEWEY DECIMAL CLASSIFICATION NUMBER
Classification number 338.927 MOR
100 ## - MAIN ENTRY--PERSONAL NAME
Personal name MORRIS JULIAN
245 ## - TITLE STATEMENT
Title SUSTAINABLE DEVELOPMENT PROMOTING PROGRE
260 ## - PUBLICATION, DISTRIBUTION, ETC.
Date of publication, distribution, etc. 2002
Place of publication, distribution, etc. London
Name of publisher, distributor, etc. Profile Books Ltd.
300 ## - PHYSICAL DESCRIPTION
Extent ix, : 370 : p. : cm. ; 25
Holdings
Withdrawn status Lost status Damaged status Not for loan Home library Current library Shelving location Date acquired Full call number Barcode Date last seen Copy number Price effective from Koha item type
        IMTN IMTN Rack 13-A 03/20/2006 338.927 MOR 3476 06/24/2024 1 06/24/2024 Books
Designed & Maintained by: LRC IMT Nagpur Contact: lrc@imtnag.ac.in© 2024. All Rights Reserved.